000 00522nam a2200157Ia 4500
008 150223s9999 xx 000 0 und d
020 _a596005423
050 _aHF 5548.32
_b.B351 2003
100 _aBausch, Paul.
245 _aAmazon Hacks:
_b100 industrial- strength tips and tools /
_cPaul Bausch
260 _aCalifornia:
_bO'Reilly & associates, Inc.,
_c2003
300 _a280 pages :
_bIllustration;
_c23 cm.
504 _aIncludes Index.
650 _aAmazon Product pages.
650 _aControlling your information.
999 _c283271
_d283271